<?xml version="1.0" encoding="UTF-8"?>
<marc:record xmlns:marc="http://www.loc.gov/MARC21/slim">
   <marc:leader>00000nam a2200000 a 4500</marc:leader>
   <marc:datafield ind1="1" ind2=" " tag="100">
      <marc:subfield code="a">Zimmermann, Werner</marc:subfield>
      <marc:subfield code="4">aut</marc:subfield>
      <marc:subfield code="e">Verfasser/-in</marc:subfield>
   </marc:datafield>
   <marc:datafield ind1=" " ind2=" " tag="653">
      <marc:subfield code="a">Entwicklungspolitik</marc:subfield>
   </marc:datafield>
   <marc:datafield ind1=" " ind2=" " tag="653">
      <marc:subfield code="a">Dritte Welt</marc:subfield>
   </marc:datafield>
   <marc:datafield ind1=" " ind2=" " tag="653">
      <marc:subfield code="a">Industrieländer</marc:subfield>
   </marc:datafield>
   <marc:datafield ind1=" " ind2=" " tag="653">
      <marc:subfield code="a">Frieden</marc:subfield>
   </marc:datafield>
   <marc:datafield ind1="0" ind2="0" tag="245">
      <marc:subfield code="a">Warum die Welt Frieden braucht</marc:subfield>
   </marc:datafield>
   <marc:datafield ind1="0" ind2="0" tag="245">
      <marc:subfield code="b">Aufbauprojekte in 5 Kontinenten</marc:subfield>
   </marc:datafield>
   <marc:datafield ind1=" " ind2="1" tag="264">
      <marc:subfield code="a">Düsseldorf</marc:subfield>
      <marc:subfield code="b">Econ</marc:subfield>
      <marc:subfield code="c">1959</marc:subfield>
   </marc:datafield>
   <marc:datafield ind1="1" ind2=" " tag="520">
      <marc:subfield code="a">Zimmermann gibt einen Überblick über die wesentlichsten Aufbauprojekte in allen Ländern der Erde, insbesondere in den Entwicklungsländern. Er schildert auch ihre wirtschaftlichen Hintergründe und Auswirkungen, ihre Bedeutung für die einzelnen Länder, ihre Menschen und die Weltwirtschaft. Die Aufbauprojekte haben in der ganzen Welt eine so erstaunliche Größenordnung erreicht, die Notwendigkeit ihrer Verwirklichung ist politisch so dringend und in ihren wirtschaftlichen Auswirkungen so interessant geworden, daß mit gutem Grund starke Kräfte in Ost und West Investitionen in den friedlichen wirtschaftlichen Aufbau für sinnvoller halten als Investitionen in die Vorbereitung eines neuen Weltkrieges.</marc:subfield>
   </marc:datafield>
   <marc:datafield ind1="0" ind2=" " tag="490">
      <marc:subfield code="v">0</marc:subfield>
   </marc:datafield>
   <marc:datafield ind1=" " ind2=" " tag="300">
      <marc:subfield code="a">518 S.</marc:subfield>
   </marc:datafield>
</marc:record>
